| Tag |
First Indicator |
Second Indicator |
Subfields |
| LEADER |
00000cgm a2200000Ia 4500 |
| 001 |
in00001995721 |
| 005 |
20151031120950.0 |
| 007 |
vd cvaizu |
| 008 |
030714s2003 vau060 e vleng d |
| 028 |
4 |
3 |
|a FRL62116
|b PBS Home Video
|
| 035 |
|
|
|a (OCoLC)ocm52604724
|
| 040 |
|
|
|a ULN
|c ULN
|d OCLCQ
|d DRB
|d OCLCQ
|d GZM
|d TXA
|d UtOrBLW
|
| 049 |
|
|
|a TXAM
|
| 090 |
|
|
|a HV6773
|b .C93 2003
|
| 245 |
0 |
0 |
|a Cyber war! /
|c produced by Michael Kirk ; co-produced and reported by Jim Gilmore ; written and directed by Michael Kirk ; a Frontline coproduction with Kirk Documentary Group.
|
| 264 |
|
2 |
|a [Alexandria, Va.] :
|b Distributed by PBS Home Video,
|c [2003]
|
| 264 |
|
4 |
|c ©2003
|
| 300 |
|
|
|a 1 videodisc (approximately 60 min.) :
|b sound, color ;
|c 4 3/4 in.
|
| 336 |
|
|
|a two-dimensional moving image
|b tdi
|2 rdacontent
|
| 337 |
|
|
|a video
|b v
|2 rdamedia
|
| 338 |
|
|
|a videodisc
|b vd
|2 rdacarrier
|
| 538 |
|
|
|a DVD.
|
| 546 |
|
|
|a Closed-captioned.
|
| 511 |
0 |
|
|a Narrator, Will Lyman.
|
| 508 |
|
|
|a Editor, Steve Audette ; director of photography, Ben McCoy ; music composed by Frank Ferrucci.
|
| 500 |
|
|
|a "c2003 WGBH Educational Foundation."
|
| 500 |
|
|
|a "Frontline is a production of WGBH Boston."
|
| 518 |
|
|
|a Originally broadcast on April 24, 2003, as a segment of the PBS television series Frontline.
|
| 520 |
|
|
|a "The Slammer hit on Super Bowl Sunday. Nimda struck one week after 9/11. Code Red had ripped through the system that summer. Moonlight Maze moved from the Russian Academy of Science and into the U.S. Department of Defense. A new form of warfare has broken out and the battleground is cyberspace. With weapons like embedded malicious code, probes and pings, there are surgical strikes, reverse neutron bombs, and the potential for massive assaults aimed directly at America's infrastructure--the power grid, the water supply, the complex air traffic control system, and the nation's railroads. FRONTLINE investigates just how real the threat of war in cyberspace is and reveals what the White House knows that the rest of us don't"--Container.
|
| 500 |
|
|
|a Videorecording.
|
| 650 |
|
0 |
|a Cyberterrorism.
|
| 650 |
|
0 |
|a Information warfare.
|
| 650 |
|
0 |
|a Computer security.
|
| 655 |
|
7 |
|a Documentary television programs.
|2 lcgft
|
| 655 |
|
7 |
|a Video recordings for the hearing impaired.
|2 lcgft
|
| 700 |
1 |
|
|a Kirk, Michael.
|
| 700 |
1 |
|
|a Gilmore, Jim.
|
| 700 |
1 |
|
|a Lyman, Will.
|
| 710 |
2 |
|
|a Kirk Documentary Group.
|
| 710 |
2 |
|
|a WGBH Educational Foundation.
|
| 710 |
2 |
|
|a WGBH (Television station : Boston, Mass.)
|
| 710 |
2 |
|
|a PBS Home Video.
|
| 730 |
0 |
|
|a Frontline (Television program)
|
| 948 |
|
|
|a cataloged
|b h
|c 2005/4/8
|d c
|e mphillip
|f 12:37:43 pm
|
| 994 |
|
|
|a E0
|b TXA
|
| 999 |
|
|
|a MARS
|
| 999 |
f |
f |
|s c0be6cc3-f726-3ae8-aaf8-27d9999883f0
|i f14a8d2f-995b-381f-b5d0-57b73a9b3fc8
|t 0
|
| 952 |
f |
f |
|p dvd
|a Texas A&M University
|b College Station
|c Sterling C. Evans Library
|d Evans: Media and Reserves (Annex 1st floor)
|t 0
|e HV6773 .C93 2003
|h Library of Congress classification
|i video -- videodisc
|m A14832636038
|
| 998 |
f |
f |
|a HV6773 .C93 2003
|t 0
|l Evans: Media and Reserves (Annex 1st floor)
|